000 01342nam a22002897a 4500
005 20260407091519.0
008 260407b20252018 a|||| |||| 00| 0 spa d
020 _a9788419131257
040 _aCO-BoUCM
_bspa
_cSandra Palacio
_dSandra Palacio
041 _aspa
100 _aHartnell, Jack
_9188549
245 _aCuerpos medievales
_bvida, muerte y arte en la Edad Media
250 _a2a.Ed.
260 _aMadrid
_bAbada Editores
_c2025
300 _a352 páginas
_bilustraciones a color
490 _aLecturas. Serie historia de las ideas
500 _aTraducción de: Medieval Bodies: Life, Death and Art in the Middle Ages
504 _aIncluye referencias bibliográficas e índices
520 _aExploración multidisciplinar del cuerpo humano en el periodo medieval, combinando historia de la medicina, historia del arte y antropología social para explicar la relación entre lo físico y lo espiritual en la cultura de la época.
650 4 _aCuerpo humano
_xAspectos sociales
_yEdad Media
_9188550
650 4 _aMedicina medieval
_xHistoria
_9188551
650 4 _aArte medieval
_xTemas, motivos
_9188552
650 4 _aHistoria social
_yEdad Media
_9188553
700 _aMartínez-Cabeza, Miguel Ángel
_etraductor
_9188554
942 _2DEWEY
_a5
_cLIBRO
_e2
_h306.4610902
_mH333
999 _c326234
_d326234